01011cam a22002535a 4500999001300000001000900013003000400022005001700026008004100043040003200084082002200116245006400138260007000202300003400272500003300306504005000339520017500389650002600564650002200590650004800612650005200660700003100712942001400743 c212d21217658694OSt20200312095450.0130314m2011 ilua b 001 0 eng d aKABLIBbengcKABLIBdKABLIB00a617.1027223bINS00aInstructional Course Lectures /cedited by Franklin H. Sim. aRosemont, IL :bAmerican Academy Of Orthopaedic Surgeons,cc2001. axix, 644 p. :bill. ;c29 cm. aIncludes index (p. 577-645). aIncludes bibliographical references (p. 575). a"Current surgical approaches and up-to-date expertise on the important and developing topics facing the practice of orthopaedic sports medicine today." --cAAOS web site. 0aSports medicine.9833 0aOrthopedics.9834 7aOrthopedics.2fast0(OCoLC)fst010485659834 7aSports medicine.2fast0(OCoLC)fst0113070998331 aAhmad, Christopher S.9835 2ddccBOOK